| 000 | 01241cam a22003617a 4500 | ||
|---|---|---|---|
| 003 | CHAP | ||
| 005 | 20220329133058.0 | ||
| 008 | 971013s1989 r 00010 d | ||
| 010 | _a1904 | ||
| 011 | _a2876 | ||
| 035 | _a2076 | ||
| 040 | _cCHAP | ||
| 090 | _aTesis | ||
| 100 | 0 | 0 |
_aIslas Marroquín, Aurelio Horacio. _960602 |
| 245 | 0 | _aDescripción de la granja avícola La Vega (asociación de empresarios con productores de bajos ingresos) | |
| 260 |
_aChapingo, Méx. : _bEl Autor, _c1989 |
||
| 300 |
_a96 h. _b: ilus. |
||
| 502 | _aTesis (Ing. Agr. Esp. en Zootecnia) -- UACH. Departamento de Zootecnia | ||
| 590 |
_aALEPH _b10 _c20130110 _lUCH01 _h1210 |
||
| 590 |
_aBATCH-UPD _b10 _c20130110 _lUCH01 _h2025 |
||
| 590 |
_aBATCH-UPD _b10 _c20130410 _lUCH01 _h1343 |
||
| 590 |
_aBATCH-UPD _b10 _c20130914 _lUCH01 _h0439 |
||
| 590 |
_aBATCH-UPD _b10 _c20130914 _lUCH01 _h2024 |
||
| 590 |
_aCONVERSION _b10 _c20130109 _lUCH01 _h1302 |
||
| 650 | 1 | 4 |
_aAves de corral _xCostos de producción. _98641 |
| 650 | 1 | 4 |
_aAvicultura _xJalisco. _98735 |
| 650 | 1 | 4 |
_aCarne _xProducción. _919109 |
| 650 | 1 | 4 |
_aEmpresarios. _936634 |
| 650 | 1 | 4 |
_aGranjas avícolas. _950400 |
| 901 | _aBK | ||
| 942 | _cTESIS | ||
| 949 |
_bBC _cTES _d-11574 _eTS1 _h23592 _i2076 _si |
||
| 999 |
_c1904 _d1904 |
||